000 01830cam a22004214i 4500
003 PE-LiUPU
005 20250731175629.0
008 150623s1992 sp r 000 0 spa d
020 _a8476455364
035 _a(Sirsi) i9788476455364
040 _aPE-LiUPU
_bspa
_cPE-LiUPU
_erda
049 _aPRUA
100 1 _aCotos, Jorge L.,
_eautor.
245 1 0 _aGramática Castellana :
_bAdaptada para el estudio bíblico /
_cJorge L. Cotos.
264 1 _aTerrassa, Barcelona :
_bClie,
_c1992.
300 _a234 páginas ;
_c20 centímetros
336 _atext
_2rdacontent
337 _aunmediated
_2rdamedia
338 _avolume
_2rdacarrier
505 0 _aEl lenguaje -- La Gramática castellana -- La sintaxis -- Ortografía -- El cultivo del lenguaje oral -- El cultivo del lenguaje escrito -- La redacción.
526 _aP145
526 _aP127
526 _aP97
526 _aP35
526 _aP14
526 _aP07
630 _aBiblia
_xEstudio (Gramática).
650 0 4 _aRedacción
_xModelos.
942 _2ddc
_cBOOK
949 _a465.2 C81
_wDEWEY
_c1
_i53504
_lCCODEBUL1
_mBUL
_r0
_sY
_tBOOK
_u2015-6-24
_xEDUCACION
_zUNKNOWN
_0COMPRA
_o.STAFF. Colección Teología
949 _a465.2 C81
_wDEWEY
_c2
_i55079
_d2016-8-22
_e2016-8-19
_lCCODEBUL1
_mBUL
_n1
_r0
_sY
_tBOOK
_u2015-6-24
_xTEOLOGIA
_PP35
_0COMPRA
_o.STAFF. Colección Teología
994 _aC0
_bPEPRU
596 _a1
999 _a465.2 C81
_wDEWEY
_c35506
_i53504
_e2017-3-27
_f2019-12-10
_g5
_lDISCARD
_mBUL
_n1
_r1
_sY
_tBOOK
_u2015-6-24
_xEDUCACION
_zUNKNOWN
_0COMPRA
_o.STAFF. Colección General
_d35506
999 _a465.2 C81
_wDEWEY
_c2
_i55079
_d2017-10-31
_e2017-10-30
_f2021-11-8
_g5
_lCCODEBUL1
_mBUL
_n2
_p20.00
_r0
_sY
_tBOOK
_u2015-6-24
_xEDUCACION
_PP35
_0COMPRA
_o.STAFF. Colección Teología
980 _81
_gALBERTO SANCHEZ Responsable de Automatización